عرض عادي
عرض مارك
- Statistical hypothesis testing
مدخل مصطلح موضوعي
001 - رقم الضبط
- حقل الضبط: 4427
003 - معرف رقم الضبط
- حقل الضبط: OSt
005 - تاريخ ووقت أخر عملية
- حقل الضبط: 20110914030823.0
008 - عناصر بيانات ثابتة الطول
- حقل تحكم ثابت الطول: 110914|||a|||||| | ||| d
040 ## - مصدر الفهرسة
- هيئة الفهرسة الأصلية: OSt
- وكالة الكتابة: OSt
150 ## - مدخل-- مصطلح تاريخي
- عنصر مدخل المصطلح الموضوعي او الاسم الجغرافي: Statistical hypothesis testing
670 ## - بيانات المصدر موجوده
- الاستشهاد بالمصدر: Work cat.: (OSt)974: Wellek, Stefan. 4426, Testing statistical hypotheses of equivalence /, c2003.
